| 000 | 00443cam a2200169ua 4500 | ||
|---|---|---|---|
| 020 | _c2.50 | ||
| 041 |
_amal _h |
||
| 082 |
_a301 _bSMI/AM |
||
| 100 | _aSmith, Brad Ford . | ||
| 245 |
_aAmerican jeevithavum samskaravum / _cBrad Ford Smith. _hTextual Documents |
||
| 260 |
_aKottayam : _bSahitya Pravarthaka Co-operative Society , _c1962. |
||
| 300 | _a321 ; . | ||
| 365 | _a2.50 | ||
| 504 | _a | ||
| 942 | _cBK | ||
| 999 |
_c5030 _d5030 |
||